| 000 | 00333nam a22001337a 4500 | ||
|---|---|---|---|
| 008 | 230607b xxu||||| |||| 00| 0 eng d | ||
| 020 | _a9781787330672 | ||
| 082 |
_a909.82 _bHAR |
||
| 100 | _cYuval Noah Harari | ||
| 245 | _a21 Lessons for the 21st Century | ||
| 260 |
_aLondon _bJonathan Cape _c2018 |
||
| 300 | _a352p | ||
| 942 |
_2ddc _cBK |
||
| 999 |
_c810 _d810 |
||